Normal view
MARC view
Entry Personal Name
001 - CONTROL NUMBER
- control field: 12005
003 - CONTROL NUMBER IDENTIFIER
- control field: OSt
005 - DATE AND TIME OF LATEST TRANSACTION
- control field: 20191007073956.0
008 - FIXED-LENGTH DATA ELEMENTS
- fixed length control field: 191007|| aca||aabn | a|a d
040 ## - CATALOGING SOURCE
- Original cataloging agency: OSt
- Transcribing agency: OSt
100 ## - HEADING--PERSONAL NAME
- Personal name: Hjortskov, Morten
670 ## - SOURCE DATA FOUND
- Source citation: Work cat.: (OSt)511743: Hjortskov, Morten, Citizen expectations and satisfaction over time: Findings from a large sample panel survey of public school parents in Denmark
